000 00893nam a2200277 a 4500
001 4125
003 BD-RjUL
005 20211208233834.0
008 861029s1987 caua b 000 0 eng
020 _a0803929714
020 _a0803929722 (pbk.)
035 _a(BD-RjUL)4159
040 _aDLC
_cDLC
_dDLC
_dBD-RjUL
_beng
041 _aeng
082 0 0 _a338.9
_219
_bAPR
100 1 _aApter, David E.
_q(David Ernest),
_d1924-2010.
_913097
245 1 0 _aRethinking development :
_bmodernization, dependency, and postmodern politics /
_cDavid E. Apter.
260 _aNewbury Park, Calif. :
_bSage Publications,
_cc1987.
300 _a326 p. :
_bill. ;
_c23 cm.
504 _aIncludes bibliographies.
650 0 _aEconomic development.
_913098
650 0 _aDependency.
_913099
651 0 _aDeveloping countries
_xPolitics and government.
_96865
942 _2ddc
_cBK
999 _c4125
_d4125